01299pab a2200145 454500008004000000100001700040245007400057260000900131300001600140362001100156520090800167650002601075650001801101773003401119180718b2004 xxu||||| |||| 00| 0 eng d aNaib, Sudhir aOwnership, competition and efficiency: new evidence in Indian context c2004 ap.2029-035. a15 May aOne of the main reasons for the present drive towards privatisation is a general belief that change in ownership and competition will lead to efficiency in state owned enterprises (SOEs). This paper attempts to assess the impact of ownership and competition on efficiency of firms. To study the effect of ownership, efficiency of some Indian SOEs is compared (to the extent possible) with comparable private sector firms. To study the effect of competition, the efficiency of SOEs operating under a monopoly structure is compared with SOEs operating under a competitive market environment. Results show that, at the enterprise level, there is little empirical justification for a general presumption in favour of either type of ownership. Further, the empirical study results indicate that more than ownership, it is the degree of competition that affects the performance of an enterprise. - Reproduced. aPrivatization - India aPrivatization aEconomic and Political Weekly